000
00286nam a22001217a 4500
082
_a
174
_b
WAL/B
100
_a
H.K.WALIA
245
_a
BUSINESS STUDIES FOR CLASS XII
260
_a
DELHI
_b
FULL MARKS PVT LTD
300
_a
540
650
_a
BUSINESS STUDIES FOR CLASS XII
_z
INDIA
942
_c
BK
999
_c
598
_d
598